Mass media and drug prevention:Classic and contemporary theories and research (Record no. 2914)

MARC details
000 -LEADER
fixed length control field 00553nam a2200169Ia 4500
008 - FIXED-LENGTH DATA ELEMENTS--GENERAL INFORMATION
fixed length control field 230917s9999||||xx |||||||||||||| ||und||
020 ## - ISBN
Price GBP 36.99 (RS 3825.88)
040 ## - CATALOGING SOURCE
-- 5009385
Original cataloging agency VIVEKANANDA LIBRARY
041 ## - Language
-- English
082 ## - DDC NUMBER
Classification number 362.29170973 C852M
100 ## - MAIN ENTRY--PERSONAL NAME
Personal name Crano, William D, ed.
245 #0 - TITLE STATEMENT
Title Mass media and drug prevention:Classic and contemporary theories and research
260 ## - PUBLICATION, DISTRIBUTION, ETC. (IMPRINT)
Place of publication, distribution, etc New Jersey
Name of publisher, distributor, etc Lawrence Erlbaum Associates, Publishers
Date of publication, distribution, etc 2002
300 ## - PHYSICAL DESCRIPTION
Pages xiv, 303 p.
500 ## - GENERAL NOTE
General note 4133 18/10/2021 HBD21/8876 18/10/2021 Main Budget
942 ## - ADDED ENTRY ELEMENTS (KOHA)
Koha item type Books
Holdings
Withdrawn status Lost status Damaged status Not for loan Location (home branch) Sublocation or collection (holding branch) Date acquired Koha issues (times borrowed) Koha full call number Accession No. Koha date last seen Koha item type
        VIVEKANANDA LIBRARY VIVEKANANDA LIBRARY 01/01/2022   362.29170973 C852M 393302 17/09/2023 Books
© Designed and Maintained by Vivekananda Library, MDU Rohtak